Biblioteka Instytutu Północnego w Olsztynie

Prawo prywatne polskie : (Rekord nr 27784)

Szczegóły MARC
000 -Nagłówek
fixed length control field 01323cam a2200349 i 4500
001 - Nr kontrolny bibl., która utworzyła rek.
control field zz2003874130
003 - Siglum bibl., której nr kontr. jest w 001
control field NUKAT
005 - Data i czas ostatniej operacji
control field 20260426145928.0
008 - Elementy pola stałej długości
fixed length control field 031119s1851 pl |001 0 pol c
035 ## - Systemowy numer kontrolny
systemowy numer kontrolny (OCoLC)749219253
035 ## - Systemowy numer kontrolny
systemowy numer kontrolny (NUKAT)zz2003874130
040 ## - Instytucja sporządzająca opis
Instytucja, która sporządziła opis GD U/EB
Instytucja, która sporządziła rekord GD U/EB
Instytucja, która zmodyfikowała rekord GD U/as
-- GD U/EBs
-- WA U/AWU
-- WR U/PAdjm
100 1# - Hasło główne-nazwa osobowa
Nazwa osobowa Bandtkie Stężyński, Jan Wincenty
Daty biograficzne (1783-1846).
9 (RLIN) 12871
245 10 - Tytuł właściwy i oznaczenie odpow.
tytuł Prawo prywatne polskie :
dodatek do tytułu napisane i wykładane przed rokiem 1830 w b. Warszawskim Aleksandryjskim Uniwersytecie /
dod. inf. ze s. tyt./ozn. odpow. przez Jana Wincentego Bandtkie Stężyńskiego.
250 ## - Oznaczenie wydania
oznaczenie wydania Dzieło pogrobowe.
260 ## - Adres wydawniczy
miejsce wydania, dystrybucji itp. Warszawa :
nazwa wydawcy, dystrybutora itp. w Drukarni Banku Polskiego,
data wydania, dystrybucji itp. 1851.
300 ## - Opis fizyczny
objętość i/lub forma materiału [4], X, 480, XIV, [1] s. :
inne szczegóły opisu fizycznego err. ;
format 23 cm.
336 ## - Content Type
Term Tekst
Code txt
Source rdacontent
337 ## - Media Type
Term Bez urządzenia pośredniczącego
Code n
Source rdamedia
338 ## - Carrier Type
Term Wolumin
Code nc
Source rdacarrier
380 ## - Form of work
Form of work Książki
500 ## - Uwaga ogólna
uwaga ogólna Err. na s. [XV].
504 ## - Uwaga o bibliografii
uwaga o bibliografii Indeks.
530 ## - Uwaga o dod. formie fiz. materiału
uwaga o dodatkowej fizycznej formie dokumentu Dostępne również w formie elektronicznej.
650 #7 - Hasło przedmiotowe-nazwa pospolita
nazwa pospolita lub geogr. Prawo cywilne
źródło hasła DBN
9 (RLIN) 39348
650 #7 - Hasło przedmiotowe-nazwa pospolita
nazwa pospolita lub geogr. Prawo prywatne
określnik geograficzny Polska
określnik rzeczowy historia.
źródło hasła kaba
9 (RLIN) 40580
651 #7 - Hasło przedmiotowe-nazwa geogr.
nazwa geograficzna Polska
źródło hasła DBN
9 (RLIN) 35076
658 ## - Nazwa określająca cel programu nauczania
główny cel programu nauczania Historia
658 ## - Nazwa określająca cel programu nauczania
główny cel programu nauczania Prawo i wymiar sprawiedliwości
856 41 - Elektroniczne źródła danych i spos. dost.
URL (Uniform Resource Locator) <a href="http://ebuw.uw.edu.pl/dlibra/docmetadata?id=228">http://ebuw.uw.edu.pl/dlibra/docmetadata?id=228</a>
942 ## - ADDED ENTRY ELEMENTS (KOHA)
Source of classification or shelving scheme Dewey Decimal Classification
Koha item type pozycje dostępne na miejscu
Egzemplarze
Status wycofania Status zagubienia Klasyfikacja Status uszkodzenia Blokada wypożyczeń Kolekcja Lokalizacja macierzysta Lokalizacja bieżąca Data nabycia Numer akcesji Źródło akcesji Nr inwentarzowy il. wypożyczeń Sygnatura Kod kreskowy Date last seen Price effective from Typ egz.
    Dewey Decimal Classification nieuszkodzona   Pracownia Badań Księgozbiorów Historycznych Biblioteka Instytutu Północnego w Olsztynie Pracownia Badań Księgozbiorów Historycznych 26/04/2026 K-69/1965 kupno 16393   16393 IPWK16690 26/04/2026 26/04/2026 pozycje dostępne na miejscu
Biblioteka Instytutu Północnego, ul. Partyzantów 87, 10-402 Olsztyn, email: biblioteka(at)ip.olsztyn.pl